Blind test - Mort subite - Statistiques

Statistiques générales
  • Ce quiz a été pris 1 683 fois
    1 679 depuis la dernière actualisation
  • Le résultat moyen est 4 sur 10
Answers on the Grid
Answers color-coded by a green-red scale on the quiz's grid according to % correct below.
Ray Charles
Amadou Bagayoko
Mariam Doumbia
Gilbert Montagné
Andrea Bocelli
Stevie Wonder
Louis Braille
José Feliciano
Jeff Healey
Blind Willie Johnson
Elton John
Patrick Bruel
Claude Monet
Jul
Doc Gynéco
Ludwig van Beethoven
The Weeknd
Gims
 
Statistiques - réponses
Réponse % Correct
Il n'a jamais vu sa femme :( Gilbert Montagné
77%
He can't see a single Ray of light Ray Charles
64%
On dirait un peu une copie de Ray Charles non ? Stevie Wonder
57%
Les dimanches à Bamako, c'était Bagayoko Amadou Bagayoko
37%
Il glaucomo lo face avoglio (je parle pas italien) Andrea Bocelli
37%
Eh ouais il était aussi musicien le bougre Louis Braille
36%
C'est le jour de mariage (au premier regard ?) Mariam Doumbia
33%
Tu fais aucun effort, c'était dans le nom Blind Willie Johnson
29%
Bon là j'étais à court de mecs connus José Feliciano
26%
J'avoue je connais pas celui-là non plus Jeff Healey
25%
Aucun quiz correspondant
Distribution des résultats
% des personnes avec chaque résultat
Percentile par nombre de réponses
Votre historique - résultats
Vous n’avez pas pris ce quiz depuis la dernière actualisation